Phân tích các yếu tố ảnh hưởng đến sản xuất và tiêu thụ tôm sú ở Đồng bằng sông Cửu Long : (Chuyên ngành: kinh tế nông nghiệp)

Nội dung đề tài nhằm phân tích các yếu tố ảnh hưởng đến sản xuất và tiêu thụ tôm sú của những hộ nuôi tôm sú ở ĐBSCL.

Saved in:
Bibliographic Details
Main Author: Đàm, Thị Phong Ba
Format: Book
Language:Undetermined
Published: Cần Thơ Trường Đại học Cần Thơ 2007
Subjects:
Tags: Add Tag
No Tags, Be the first to tag this record!
Institutions: Trung tâm Học liệu Trường Đại học Cần Thơ
LEADER 01044nam a2200217Ia 4500
001 CTU_135743
008 210402s9999 xx 000 0 und d
082 |a 338.1 
082 |b B100 
100 |a Đàm, Thị Phong Ba 
245 0 |a Phân tích các yếu tố ảnh hưởng đến sản xuất và tiêu thụ tôm sú ở Đồng bằng sông Cửu Long : 
245 0 |b (Chuyên ngành: kinh tế nông nghiệp) 
245 0 |c Đàm Thị Phong Ba ; Lê Xuân Sinh giáo viên hướng dẫn 
260 |a Cần Thơ 
260 |b Trường Đại học Cần Thơ 
260 |c 2007 
520 |a Nội dung đề tài nhằm phân tích các yếu tố ảnh hưởng đến sản xuất và tiêu thụ tôm sú của những hộ nuôi tôm sú ở ĐBSCL. 
650 |a Agriculture,Nông nghiệp 
650 |x Economic aspects,Khía cạnh kinh tế 
904 |i Tuyến 
980 |a Trung tâm Học liệu Trường Đại học Cần Thơ